| 000 | 01260cam a2200313 a 4500 | ||
|---|---|---|---|
| 001 | 14853953 | ||
| 005 | 20170105102854.0 | ||
| 008 | 070517s2007 nyuab b 001 0 eng | ||
| 010 | _a 2007020786 | ||
| 020 | _a9780231700139 (hardback : alk. paper) | ||
| 020 | _a023170013X (hardback : alk. paper) | ||
| 035 | _a(OCoLC)ocn132681493 | ||
| 040 |
_aDLC _cDLC _dYDX _dBTCTA _dBAKER _dYDXCP _dDLC |
||
| 043 | _aa-pk--- | ||
| 050 | 0 | 0 |
_aDS392.N67 _bH379 2007 |
| 082 | 0 | 0 |
_a954.912035 _222 |
| 100 | 1 | _aHaroon, Sana. | |
| 245 | 1 | 0 |
_aFrontier of faith : _bIslam in the Indo-Afghan borderland / _cSana Haroon. |
| 260 |
_aNew York : _bColumbia University Press, _cc2007. |
||
| 300 |
_axv, 254 p. : _bill., maps ; _c23 cm. |
||
| 504 | _aIncludes bibliographical references (p. 223-247) and index. | ||
| 650 | 0 |
_aIslam and politics _zPakistan _zKhyber Pakhtunkhwa. |
|
| 650 | 0 |
_aIslam _zPakistan _zKhyber Pakhtunkhwa. |
|
| 651 | 0 |
_aKhyber Pakhtunkhwa (Pakistan) _xPolitics and government. |
|
| 856 | 4 | 1 |
_3Table of contents only _uhttp://www.loc.gov/catdir/toc/ecip0718/2007020786.html |
| 906 |
_a7 _bcbc _corignew _d1 _eecip _f20 _gy-gencatlg |
||
| 942 |
_2ddc _cBK |
||
| 999 |
_c14420 _d14420 |
||